[Event "Calcutta"]
[Site "Calcutta"]
[Date "1992.??.??"]
[Round "1"]
[White "Babu, N Sudhakar"]
[Black "Ayub, Mohamed"]
[Result "1-0"]
[WhiteElo "2365"]
[BlackElo "2235"]

1.d4 d5 2.c4 c6 3.Nf3 Nf6 4.Nc3 dxc4 5.a4 Bf5 6.Ne5 e6 7.f3 Bb4 8.Nxc4 O-O
9.Bg5 h6 10.Bh4 Be7 11.e4 Bh7 12.Be2 Nh5 13.Bf2 Nf4 14.Bf1 Nd7 15.g3 Ng6
16.Be2 e5 17.d5 Bc5 18.O-O Bxf2+ 19.Rxf2 Nb6 20.dxc6 bxc6 21.Ne3 Qd4 22.Nf5 Qb4
23.a5 Rad8 24.Qc2 Nc8 25.Ra4 Qb8 26.Na2 Nge7 27.Nb4 Bxf5 28.exf5 Qd6 29.f4 exf4
30.Rxf4 Qf6 31.Qc3 Qxc3 32.bxc3 Rd2 33.Bf3 Re8 34.Re4 Nd6 35.Re1 Nexf5 36.Rxe8+ Nxe8
37.Nxc6 Rd3 38.Ne5 Rxc3 39.Rb4 Rc5  1-0

[Event "Calcutta"]
[Site "Calcutta"]
[Date "1992.??.??"]
[Round "3"]
[White "Wajih, Nassir"]
[Black "Ayub, Mohamed"]
[Result "1-0"]
[WhiteElo "2315"]
[BlackElo "2235"]

1.d4 d5 2.c4 c6 3.Nc3 Nf6 4.Nf3 dxc4 5.a4 Bf5 6.e3 e6 7.Bxc4 Bb4 8.O-O O-O
9.Nh4 Bd6 10.Nxf5 exf5 11.h3 Bc7 12.Qf3 g6 13.Rd1 Nbd7 14.e4 fxe4 15.Nxe4 Nxe4
16.Qxe4 Nf6 17.Qh4 Qd6 18.g3 Nd5 19.Bxd5 cxd5 20.Bf4 Qd8 21.Qxd8 Bxd8 22.Rac1 Bb6
23.Bc7 Rfc8 24.Bxb6 axb6 25.b3 f6 26.Kf1 Kf7 27.Ke2 Ke6 28.Rxc8 Rxc8 29.Kd3 Kd7
30.Re1 Rc6 31.h4 b5 32.axb5 Rb6 33.Ra1 Rxb5 34.Kc3 h5 35.Ra8 Ke6 36.f3 Rb6
37.Rg8 Kf7 38.Rd8 Ke6 39.g4 Rd6 40.Rxd6+ Kxd6 41.gxh5 gxh5 42.Kb4 Ke6 43.Kc5 Kf5
44.Kxd5 Kf4 45.Ke6 Kxf3 46.d5  1-0

[Event "Labor Day op2"]
[Site "CAN"]
[Date "1992.??.??"]
[Round "5"]
[White "Southam, David"]
[Black "Filipovich, David"]
[Result "0-1"]
[WhiteElo "2270"]
[BlackElo "2205"]

1.d4 Nf6 2.c4 c6 3.Nc3 d5 4.Nf3 dxc4 5.a4 Bf5 6.e3 e6 7.Bxc4 Bb4 8.O-O Nbd7
9.Nh4 Bg6 10.f3 Nd5 11.Qe1 Nxc3 12.bxc3 Be7 13.Nxg6 hxg6 14.e4 Qa5 15.e5 O-O-O
16.f4 Nb6 17.Bd3 c5 18.Bd2 cxd4 19.c4 Qc5 20.a5 Nd7 21.Rb1 Qc7 22.c5 Nxc5
23.Rc1 Kb8 24.Bb4 Rc8 25.Bxc5 Bxc5 26.a6 Qe7 27.axb7 Rc7 28.Rf2 Bb6 29.Rb1 Rxb7
30.Rfb2 Qc5 31.Rc2 Qa3 32.Qe4 Rc7 33.Rxc7 Kxc7 34.h3 Rc8 35.Kh2 Kb8 36.Be2 Qe3
37.Qxe3 dxe3 38.Kg3 Rc2 39.Kf3 Kc7 40.Rb3 Rc1 41.Bb5 Rc2 42.Rd3 e2 43.Rd7+ Kc8  0-1

[Event "Cannes Martinez op"]
[Site "Cannes"]
[Date "1992.??.??"]
[Round "?"]
[White "Anic, Darko"]
[Black "Solozhenkin, Evgeniy"]
[Result "1-0"]
[WhiteElo "2395"]
[BlackElo "2465"]

1.Nf3 d5 2.d4 Nf6 3.c4 c6 4.Nc3 dxc4 5.a4 Bf5 6.e3 e6 7.Bxc4 Bb4 8.O-O O-O
9.Nh4 Nbd7 10.Nxf5 exf5 11.Qb3 Qb6 12.Bd2 Ba5 13.Qa2 f4 14.Rad1 fxe3 15.Bxe3 Qb4
16.Bf4 Nb6 17.Bb3 Rad8 18.Be5 Ng4 19.Bg3 Rxd4 20.Rxd4 Qxd4 21.Rd1 Qf6 22.Ne4 Qe7
23.f3 Bb4 24.a5 Nd5 25.a6 Nge3 26.Rd3 b6 27.Bf2 Kh8 28.Qb1 f5 29.Ng3 Bc5
30.Qc1 g6 31.Ba2 Re8 32.Qd2 Qe5 33.Bb3 b5 34.Qc1 Bb6 35.Rd2 Nc4 36.Re2 Bxf2+
37.Kxf2 Qd4+ 38.Ke1 Rxe2+ 39.Nxe2 Qxb2 40.Qxb2+ Nxb2 41.Bxd5 cxd5 42.Nd4 b4
43.Nc6 b3 44.Kd2 Na4 45.Na5 b2 46.Kc2 d4 47.Nc4 Kg7 48.Nd2 Kf6 49.Kb3 Nc5+
50.Kc4 Nxa6 51.Kxd4 Ke6  1-0

[Event "Ceske Budejovice op"]
[Site "Ceske Budejovice"]
[Date "1992.??.??"]
[Round "7"]
[White "Guliev, Sarhan"]
[Black "Meduna, Eduard"]
[Result "1-0"]
[WhiteElo "2470"]
[BlackElo "2435"]

1.d4 d5 2.c4 c6 3.Nc3 Nf6 4.Nf3 dxc4 5.a4 Bf5 6.e3 e6 7.Bxc4 Nbd7 8.O-O Bb4
9.Qe2 O-O 10.Ne5 Ne4 11.Na2 Be7 12.f3 Nxe5 13.dxe5 Nc5 14.e4 Bg6 15.Nc3 Nb3
16.Bxb3 Qb6+ 17.Be3 Qxb3 18.f4 f5 19.exf6 Bxf6 20.Bc5 Bxc3 21.bxc3 Qxc3 22.Rac1 Qb3
23.Rb1 Qxa4 24.Rb4 Qa5 25.Bxf8 Rxf8 26.Rxb7 Qc5+ 27.Kh1 Qd4 28.f5 exf5 29.exf5 Bf7
30.f6 gxf6 31.Qe7 a5 32.h3 Kg7 33.Re1 Qd8 34.Qa3 Re8 35.Qg3+  1-0

[Event "Ceske Budejovice op"]
[Site "Ceske Budejovice"]
[Date "1992.??.??"]
[Round "9"]
[White "Trichkov, Vasil"]
[Black "Meduna, Eduard"]
[Result "1/2-1/2"]
[WhiteElo "2380"]
[BlackElo "2435"]

1.d4 Nf6 2.Nf3 d5 3.c4 c6 4.Nc3 dxc4 5.a4 Bf5 6.e3 e6 7.Bxc4 Nbd7 8.O-O Bb4
9.Qe2 O-O 10.e4 Bg6 11.Bg5 Bxc3 12.bxc3 Bxe4 13.Ne5 Bg6 14.Nxd7 Qxd7 15.Bxf6 gxf6
16.h4 h5 17.Qe3 Kg7 18.Be2 Rac8 19.Bf3 c5 20.dxc5 Qe7 21.a5 Qxc5 22.Qxc5 Rxc5
23.Bxb7 Rxc3 24.Rfc1 Rxc1+ 25.Rxc1 Rd8 26.Rc7 Rd6 27.Bf3 a6 28.Ra7 Kh6 29.Be2 Bd3
30.Bxd3 Rxd3 31.Rxa6 Rd1+ 32.Kh2 Ra1 33.Ra8 e5 34.a6 Kg7 35.a7 f5 36.Re8 Rxa7
37.Rxe5 Kg6 38.Re8 f6 39.Rg8+ Kh7 40.Re8  1/2-1/2

[Event "CSR-chT"]
[Site "CSR"]
[Date "1992.??.??"]
[Round "?"]
[White "Vrbata, Zbynek"]
[Black "Kolesar, Milan"]
[Result "1-0"]
[WhiteElo "2325"]
[BlackElo "2305"]

1.d4 d5 2.c4 c6 3.Nc3 Nf6 4.Nf3 dxc4 5.a4 Bf5 6.e3 e6 7.Bxc4 Bb4 8.O-O Nbd7
9.Nh4 Bg6 10.g3 a5 11.Nxg6 hxg6 12.Be2 Qb6 13.e4 Bxc3 14.bxc3 Nxe4 15.Qc2 Ndf6
16.Rb1 Qa7 17.Bf3 Nd6 18.Ba3 O-O-O 19.Bc5 Qa6 20.Rb3 Rd7 21.Rfb1 Nd5 22.Be2 Qa8
23.Qd3 Nf5 24.Qf3 Re8 25.Bd3 Rh8 26.Qe2 Rhd8 27.Qf1 Rc7 28.Qe2 Rcd7 29.Bc4 Rh8
30.Qd3 Rhd8 31.Qf1 Rh8 32.Rxb7 Nxc3 33.Rxd7 Kxd7 34.Rb3 Ne4 35.Qd3 Ned6 36.g4 Ne7
37.Bxd6 Kxd6 38.Qg3+ Kd7 39.Qf4 Rf8 40.Qe5 Nd5 41.Bxd5 cxd5 42.Qxg7 Ke7 43.Qe5 Qc6
44.Rb5 f6 45.Qe3 Rc8 46.Kg2 Rc7 47.Qh6 Qe8 48.Rxa5 g5 49.Qh7+ Qf7 50.Qb1 Kf8
51.Qb8+ Kg7 52.Ra8  1-0

[Event "USA-op"]
[Site "Dearborn"]
[Date "1992.??.??"]
[Round "6"]
[White "Stone, Raymond"]
[Black "Lower, Spencer"]
[Result "1-0"]
[WhiteElo "2355"]
[BlackElo "2240"]

1.d4 d5 2.c4 c6 3.Nf3 Nf6 4.Nc3 dxc4 5.a4 Bf5 6.e3 e6 7.Bxc4 Bb4 8.O-O Nbd7
9.Nh4 Bg4 10.f3 Bh5 11.g4 Nd5 12.Ng2 Bg6 13.Na2 Be7 14.e4 Nb4 15.Nxb4 Bxb4
16.Be3 Qe7 17.Qc2 a5 18.Bf2 h5 19.Nf4 Qg5 20.Nxg6 Qxg6 21.g5 Qxg5+ 22.Kh1 Nf6
23.Rg1 Qf4 24.Qe2 g6 25.Rad1 O-O 26.Bxe6 fxe6 27.Rxg6+ Kf7 28.Bg3 Qxf3+ 29.Qxf3 Kxg6
30.Rg1 Ng4 31.Qe2 Rad8 32.h3 Rxd4 33.hxg4 Bd2 34.gxh5+ Kh7 35.Qg4 Rg8 36.Qxe6 Rg5
37.Qf7+ Rg7 38.Qf5+ Kg8 39.Bf4  1-0

[Event "EU-chT (Men)"]
[Site "Debrecen"]
[Date "1992.??.??"]
[Round "6"]
[White "Ostenstad, Berge"]
[Black "Morris, Charles F"]
[Result "1-0"]
[WhiteElo "2455"]
[BlackElo "2225"]

1.d4 d5 2.c4 c6 3.Nf3 Nf6 4.Nc3 dxc4 5.a4 Bf5 6.e3 e6 7.Bxc4 Bb4 8.O-O Nbd7
9.Nh4 Bg6 10.Qb3 a5 11.Nxg6 hxg6 12.Rd1 Qc7 13.g3 O-O-O 14.Bf1 g5 15.Bd2 Bxc3
16.bxc3 Ne4 17.Bg2 Ndf6 18.Be1 g4 19.Rdb1 Ng5 20.c4 Rd7 21.Ra2 Nf3+ 22.Bxf3 gxf3
23.Qd1 Ng4 24.h4 Ne5 25.Bd2 Nxc4 26.Qxf3 Qd6 27.Bc3 f5 28.Rc1 Qd5 29.Qe2 g5
30.Be1 b5 31.axb5 cxb5 32.Rxc4+ bxc4 33.Rxa5 Qb7 34.Qxc4+ Rc7 35.Qxe6+ Kb8
36.Qxf5 Rc1 37.Qe5+  1-0

[Event "DEN-chT 9293"]
[Site "Denmark"]
[Date "1992.??.??"]
[Round "2"]
[White "Josephsen, Niels"]
[Black "Pedersen, Finn"]
[Result "1-0"]
[WhiteElo "2240"]
[BlackElo "2280"]

1.d4 d5 2.c4 c6 3.Nf3 Nf6 4.Nc3 dxc4 5.a4 Bf5 6.Ne5 e6 7.g3 Bb4 8.Bg2 Ne4
9.O-O Bxc3 10.bxc3 Nxc3 11.Qe1 Qxd4 12.Bb2 Qxe5 13.Bxc3 Qc7 14.Bxg7 Rg8 15.Qc3 Nd7
16.Bh6 O-O-O 17.Qxc4 Ne5 18.Qc3 Ng4 19.Bf4 e5 20.Bc1 h5 21.h3 Nf6 22.Be3 a6
23.Qb4 Nd5 24.Bxd5 Rxd5 25.Bb6 a5 26.Qb3 Qd7 27.Rfd1 Be4 28.Kh2 Qf5 29.Rac1 Rgd8
30.Rxd5 Bxd5 31.Qe3 Rd7 32.Bxa5 Be6 33.Qa7 Qxh3+ 34.Kg1 Rc7 35.Bxc7 Kxc7
36.Qa5+ Kd7 37.Rd1+ Bd5 38.Rxd5+ cxd5 39.Qxd5+ Ke7 40.Qxe5+ Qe6 41.Qxh5 Qb3
42.Qe5+ Kd7 43.Qd4+ Kc6 44.e4 Qf3 45.e5 b6 46.Qd6+ Kb7 47.Qd7+ Kb8 48.Qb5 Kc7
49.a5 bxa5 50.Qxa5+ Kd7 51.Qd2+ Ke8 52.Qf4 Qd1+ 53.Kg2 Qd5+ 54.f3 Qa2+ 55.Kh3 Qb1
56.Kg4 Qg6+ 57.Qg5 Qe6+ 58.Qf5 Qh6 59.f4 Qh2 60.Qh5 Qg1 61.Qh8+ Ke7 62.Qf6+ Ke8
63.Qc6+ Kf8 64.Qd6+ Ke8 65.Qd3 Qh1 66.f5 Qe1 67.Qb5+ Kf8 68.Qc5+ Kg8 69.Qd4 Kh7
70.e6 f6 71.Qd3 Kg7 72.Qf3 Qd2 73.Kh3 Qh6+ 74.Kg2 Qd2+ 75.Qf2 Qd5+ 76.Kh2 Qe5
77.Kh3 Qe4 78.g4 Kg8 79.Qc5 Qf3+ 80.Kh2 Qf4+ 81.Kg2 Qxg4+ 82.Kf2 Qf4+ 83.Ke2 Qg4+
84.Kd3 Qd1+ 85.Kc4 Qe2+ 86.Kd5 Qd3+ 87.Kc6 Qf3+ 88.Kd6 Qd1+ 89.Qd5 Qa4 90.e7+ Kg7
91.Qc6  1-0

[Event "Dortmund op-A"]
[Site "Dortmund"]
[Date "1992.??.??"]
[Round "4"]
[White "Schmidt, Wlodzimierz"]
[Black "Trichkov, Vasil"]
[Result "1/2-1/2"]
[WhiteElo "2465"]
[BlackElo "2315"]

1.Nf3 d5 2.d4 Nf6 3.c4 c6 4.Nc3 dxc4 5.a4 Bf5 6.e3 e6 7.Bxc4 Bb4 8.O-O Nbd7
9.Nh4 Bg6 10.Qb3 a5 11.Na2 Be7 12.g3 Qc7 13.Nc3 Bb4 14.Nxg6 hxg6 15.Rd1 O-O-O
16.Bf1 Rh5 17.Bg2 Rdh8 18.h3 Qd8 19.Bd2 Qg8 20.Ne2 Bxd2 21.Rxd2 g5 22.Kf1 Rxh3
23.Bxh3 Rxh3 24.Ng1 Rh1  1/2-1/2

[Event "Dortmund op-A"]
[Site "Dortmund"]
[Date "1992.??.??"]
[Round "5"]
[White "Trichkov, Vasil"]
[Black "Janovsky, Sergey"]
[Result "0-1"]
[WhiteElo "2315"]
[BlackElo "2430"]

1.d4 d5 2.Nf3 c6 3.c4 Nf6 4.Nc3 dxc4 5.a4 Bf5 6.e3 e6 7.Bxc4 Bb4 8.O-O Nbd7
9.Qe2 Bg6 10.Nh4 Bh5 11.Nf3 e5 12.Qd3 Bxf3 13.gxf3 O-O 14.Kh1 Qe7 15.Rg1 Kh8
16.Ne4 Rad8 17.b3 Nxe4 18.fxe4 Nc5 19.Qc2 exd4 20.Bb2 Qxe4+ 21.Qxe4 Nxe4
22.Bxd4 Bc3 23.Bxc3 Nxc3 24.Rgc1 Ne4 25.Rc2 Rd6 26.b4 g6 27.Kg2 Kg7 28.Be2 Re8
29.Ra3 Re5 30.h4 g5 31.f3 Nf6 32.hxg5 Rxg5+ 33.Kf2 h5 34.Ra1 Nd5 35.Rc4 Rdg6
36.Bf1 Rg1 37.Rh4 R6g2+ 38.Bxg2 Rxa1 39.b5 Ra2+ 40.Kg3 Nxe3 41.Bh3 c5 42.Rxh5 b6
43.Re5 Nc4 44.Re4 Rxa4 45.Bf1 Nb2 46.Re7 Nd1 47.f4 Ra3+ 48.Kh4 Ne3 49.Bh3 Nd5
50.Re4 Nc3 51.Re7 Nxb5 52.Bf1 Nd4 53.Rd7 Rf3 54.Bc4 Rxf4+ 55.Kg5 Rf6 56.Rxa7 Nf3+
57.Kh5 Rh6+  0-1

[Event "Wch U16"]
[Site "Duisburg"]
[Date "1992.??.??"]
[Round "3"]
[White "Wallace, John Paul"]
[Black "Schwartzman, Gabriel"]
[Result "0-1"]
[WhiteElo "2270"]
[BlackElo "2340"]

1.d4 d5 2.c4 c6 3.Nf3 Nf6 4.Nc3 dxc4 5.a4 Bf5 6.Nh4 e6 7.Nxf5 exf5 8.e3 Bb4
9.Bxc4 O-O 10.O-O Nbd7 11.Qd3 Nb6 12.Bb3 Qd7 13.f3 Rad8 14.Bc2 g6 15.a5 Nc8
16.a6 b6 17.Rd1 Qc7 18.Bd2 Bd6 19.f4 Rfe8 20.Qf1 Bf8 21.Qf3 Nd6 22.h3 Nc4
23.g4 fxg4 24.hxg4 Qd7 25.f5 Bh6 26.fxg6 hxg6 27.Qxf6 Qxg4+ 28.Kh2 Nxe3 29.Bxe3 Rxe3
30.Qxd8+ Kg7 31.Rd3 Bf4+ 32.Kh1 Qh3+ 33.Kg1 Bh2+  0-1

[Event "Forli op"]
[Site "Forli"]
[Date "1992.??.??"]
[Round "1"]
[White "Belotti, Bruno"]
[Black "Wagman, Stuart"]
[Result "1/2-1/2"]
[WhiteElo "2405"]
[BlackElo "2215"]

1.d4 d5 2.c4 c6 3.Nc3 Nf6 4.Nf3 dxc4 5.a4 Bf5 6.e3 e6 7.Bxc4 Bb4 8.O-O Nbd7
9.Qe2 O-O 10.e4 Bg6 11.e5 Nd5 12.Ne4 Be7 13.Rd1 N7b6 14.Bd3 Nb4 15.Bb1 N6d5
16.Bg5 a5 17.Bxe7 Qxe7 18.Nfd2 Rfd8 19.g3 Nb6 20.Nb3 Nd7 21.Nd6 Bxb1 22.Raxb1 b6
23.Rbc1 f5 24.f4 Kh8 25.Qh5 g6 26.Qh6 Ra7 27.Nd2 Nb8 28.Nf3 Qf8 29.Qh4 Kg8
30.g4 Nd5 31.gxf5 exf5 32.Kh1 Rg7 33.Rg1 Qe7 34.Qxe7 Rxe7 35.Nxf5 Ra7 36.Ng5 Nxf4
37.Rcf1 Rf8 38.Rxf4 Rxf5 39.Rxf5 gxf5 40.Ne6+ Kh8 41.Rf1 Re7 42.Rxf5 Rxe6
43.Rf8+ Kg7 44.Rxb8 c5 45.d5 Rxe5 46.d6 Rd5 47.Rxb6 Kf7 48.Kg2 Ke6 49.Kf3 Rd4
50.Rb7 Kxd6 51.Rxh7 Rxa4 52.Ke3 Rb4 53.Ra7 Rxb2 54.Rxa5 Rxh2 55.Kd3 Kd5 56.Ra8 Rh3+
57.Kc2 Kc4 58.Ra4+ Kb5 59.Rg4  1/2-1/2

[Event "FRA-chT"]
[Site "?"]
[Date "1992.??.??"]
[Round "?"]
[White "Anic, Darko"]
[Black "Astolfi, Frederic"]
[Result "1/2-1/2"]
[WhiteElo "2405"]
[BlackElo "2255"]

1.Nf3 d5 2.d4 Nf6 3.c4 c6 4.Nc3 dxc4 5.a4 Bf5 6.e3 e6 7.Bxc4 Bb4 8.O-O O-O
9.Nh4 Bg4 10.f3 Bh5 11.g4 Bg6 12.Nxg6 hxg6 13.Qb3 Qe7 14.Na2 Ba5 15.g5 Nh5
16.f4 Rd8 17.Qc2 c5 18.dxc5 Nc6 19.Bb5 Nb4 20.Qc3 Rac8 21.Nxb4 Rxc5 22.Nc6 Rxg5+
23.Kh1 bxc6 24.Qxa5 Ng3+ 25.Kg2 Nxf1+ 26.fxg5 Qxg5+ 27.Kxf1 Rd1+ 28.Ke2 Qg4+
29.Kf2 Qg1+ 30.Kf3 cxb5 31.Bd2 Qf1+ 32.Kg3 Qg1+ 33.Kf3  1/2-1/2

[Event "Gausdal Int"]
[Site "Gausdal"]
[Date "1992.??.??"]
[Round "3"]
[White "Savchenko, Stanislav"]
[Black "Jelling, Erik"]
[Result "1-0"]
[WhiteElo "2505"]
[BlackElo "2400"]

1.d4 d5 2.c4 c6 3.Nc3 Nf6 4.Nf3 dxc4 5.a4 Bf5 6.Ne5 e6 7.f3 Bb4 8.e4 Bxe4
9.fxe4 Nxe4 10.Bd2 Qxd4 11.Nxe4 Qxe4+ 12.Qe2 Bxd2+ 13.Kxd2 Qd5+ 14.Kc3 Qa5+
15.Kc2 Na6 16.Nxc4 Qf5+ 17.Kc3 O-O-O 18.Qe5 Qf2 19.Be2 Rd5 20.Rhf1 Qxg2 21.Qe3 Rhd8
22.Rxf7 Nc5 23.Rg1 Qxh2 24.Rgxg7 b5 25.axb5 cxb5 26.Rxa7 b4+ 27.Kc2 Kb8 28.Rxh7 b3+
29.Qxb3+  1-0

[Event "Verbandsliga Sued Baden"]
[Site "Germany"]
[Date "1992.??.??"]
[Round "?"]
[White "Fehling, Michael"]
[Black "Metz, Hartmut"]
[Result "0-1"]
[WhiteElo "2250"]
[BlackElo "2255"]

1.d4 c6 2.c4 d5 3.Nf3 Nf6 4.Nc3 dxc4 5.a4 Bf5 6.e3 e6 7.Bxc4 Bb4 8.O-O O-O
9.Qb3 Qe7 10.Nh4 Bg4 11.f3 Bh5 12.g3 Rd8 13.Kh1 c5 14.Na2 Nc6 15.Nxb4 Nxb4
16.g4 Bg6 17.Nxg6 hxg6 18.Bd2 Nc6 19.g5 Nh7 20.d5 Ne5 21.e4 Nxc4 22.Qxc4 Qd6
23.Be3 exd5 24.exd5 Qxd5 25.Qxc5 Qxc5 26.Bxc5 Rd5 27.Rac1 Nxg5 28.Be3 Ne6
29.Rfd1 Rad8 30.Rxd5 Rxd5 31.Kg2 Kf8 32.Rc4 a6 33.Rb4 b5 34.axb5 Rxb5 35.Rxb5 axb5
36.Kf2 Ke7 37.Ke2 Kd6 38.Kd3 Kd5 39.Kc3 g5 40.Kb4 Kc6 41.Kc3 f6 42.b3 Nc5
43.Bf2 Kd5 44.Bg3 Ne6 45.Bf2 Nf4 46.Ba7 Ng6 47.Kd3 Ne5+ 48.Ke3 g4 49.f4 Nc6
50.Bb6 Ne7 51.Kd3 Nf5 52.Bf2 Nd6 53.Be3 Ne4 54.Ba7 f5 55.Be3 g6 56.Ba7 Nc5+
57.Kc3 Ne6 58.Kb4 Kc6 59.Be3 Nc7 60.Ka5 Nd5 61.Bd2 Nf6 62.Kb4 Ne8 63.Kc3 Kc5
64.Be3+ Kd5 65.Kd3 Nd6 66.Ba7 Ne4 67.Be3 b4 68.Bb6 Nc5+ 69.Kc2 Ne6 70.Be3 Nd4+
71.Kb2 Nf3  0-1

[Event "BL2-S9192"]
[Site "Germany"]
[Date "1992.??.??"]
[Round "?"]
[White "Mandel, Andreas"]
[Black "Haba, Petr"]
[Result "1/2-1/2"]
[WhiteElo "2375"]
[BlackElo "2515"]

1.d4 d5 2.c4 c6 3.Nf3 Nf6 4.Nc3 dxc4 5.a4 Bf5 6.e3 e6 7.Bxc4 Bb4 8.O-O O-O
9.Qe2 Nbd7 10.e4 Bg6 11.Bd3 Re8 12.Bf4 Bh5 13.e5 Nd5 14.Nxd5 cxd5 15.Rfc1 a6
16.Qe3 Bxf3 17.Qxf3 Nb8 18.Qg4 Nc6 19.Bh6 g6 20.h4 Bf8 21.Be3 Nb4 22.Bb1 Rc8
23.Rxc8 Qxc8 24.Ra3 Re7 25.Rc3 Rc7 26.Rxc7 Qxc7 27.Qd1 Nc6 28.h5 Qb6 29.b3 Ba3
30.Qc2 Kf8 31.g3 Ke8 32.Kg2 Kd7 33.Qd1 Bb2 34.Qf3 Ke8 35.Qf6 Nxd4 36.Qh8+ Kd7
37.Qf8 Qd8 38.Qxf7+ Qe7 39.hxg6 hxg6 40.Qxe7+ Kxe7 41.Bxd4 Bxd4 42.Bxg6 Bxe5
43.Kf3 Kf6  1/2-1/2

[Event "Goch op"]
[Site "Goch"]
[Date "1992.??.??"]
[Round "7"]
[White "Kishnev, Sergey"]
[Black "Zlochevskij, Alexander"]
[Result "1/2-1/2"]
[WhiteElo "2530"]
[BlackElo "2450"]

1.d4 d5 2.c4 c6 3.Nf3 Nf6 4.Nc3 dxc4 5.a4 Bf5 6.e3 e6 7.Bxc4 Bb4 8.O-O O-O
9.Nh4 Nbd7 10.Qb3 Qb6 11.Nxf5 exf5 12.Bd2 a5 13.Rfd1 Rad8 14.Be1 Qc7 15.g3 g6
16.Rac1 Nb6 17.Bf1  1/2-1/2

[Event "Helsinki op"]
[Site "Helsinki"]
[Date "1992.??.??"]
[Round "1"]
[White "Van Wely, Loek"]
[Black "Lelchuk, Zoja"]
[Result "1-0"]
[WhiteElo "2525"]
[BlackElo "2335"]

1.d4 d5 2.c4 c6 3.Nc3 Nf6 4.Nf3 dxc4 5.a4 Bf5 6.Ne5 e6 7.f3 Bb4 8.e4 Bxe4
9.fxe4 Nxe4 10.Bd2 Qxd4 11.Nxe4 Qxe4+ 12.Qe2 Bxd2+ 13.Kxd2 Qd5+ 14.Kc3 O-O
15.Nxc4 b5 16.Ne5 b4+ 17.Kc2 b3+ 18.Kc3 Na6 19.Qe3 Nc5 20.Bd3 Rab8 21.Nc4 Nxd3
22.Qxd3 Qc5 23.Qd6 Qf2 24.Rac1 Rfd8 25.Rhf1 Qh4 26.Qc5 Rd5 27.Qxa7 Qd8 28.Qxf7+ Kh8
29.Rf3 Rc5 30.Qa7 Qd6 31.Rd1 Qe5+ 32.Rd4 Qe1+ 33.Kd3 Qd1+ 34.Nd2 Qc2+ 35.Ke2 Re5+
36.Re3 Rxe3+ 37.Kxe3 Rf8 38.Qe7 Qf5 39.Nf3 h6 40.Rd8 Qf4+ 41.Kf2  1-0

[Event "FIN-ch"]
[Site "Helsinki"]
[Date "1992.??.??"]
[Round "4"]
[White "Norri, Joose"]
[Black "Sorri, Kari Juhani"]
[Result "1-0"]
[WhiteElo "2395"]
[BlackElo "2340"]

1.d4 d5 2.c4 c6 3.Nf3 Nf6 4.Nc3 dxc4 5.a4 Bf5 6.Ne5 Nbd7 7.Nxc4 Qc7 8.g3 e5
9.dxe5 Nxe5 10.Bf4 Nfd7 11.Bg2 f6 12.O-O Be6 13.Nxe5 Nxe5 14.Qc2 Qa5 15.Rfd1 Be7
16.Ne4 O-O 17.Nd6 Rad8 18.b4 Qb6 19.Be3 Qxb4 20.Rab1 Qg4 21.Nxb7 Rd5 22.Bxd5 Bxd5
23.Bf4 Ng6 24.Bd6 Bxd6 25.Nxd6 Nf4 26.f3 Nh3+ 27.Kf1 Qh5 28.Qf5 Ng5 29.h4 Be6
30.Qc5 Bd5 31.Rxd5 cxd5 32.Qxd5+ Kh8 33.hxg5 h6 34.Kg2 fxg5 35.Rb7 Qg6 36.Nf7+ Kh7
37.Ne5 Qc2 38.Qd3+ Qxd3 39.Nxd3  1-0

[Event "Helsinki op"]
[Site "Helsinki"]
[Date "1992.??.??"]
[Round "4"]
[White "Van Wely, Loek"]
[Black "Tukmakov, Vladimir B"]
[Result "1/2-1/2"]
[WhiteElo "2525"]
[BlackElo "2570"]

1.d4 d5 2.c4 c6 3.Nc3 Nf6 4.Nf3 dxc4 5.a4 Bf5 6.Ne5 e6 7.f3 Bb4 8.Bg5 h6
9.Bh4 c5 10.dxc5 Qa5 11.Qd4 Nc6 12.Nxc6 bxc6 13.e4 Bg6 14.Bf2 O-O 15.Be2 Rfd8
16.Qxc4 Nd7 17.Rd1 Ne5 18.Qb3  1/2-1/2

[Event "Helsinki-ch"]
[Site "Helsinki"]
[Date "1992.??.??"]
[Round "7"]
[White "Salo, Heikki"]
[Black "Sorri, Kari Juhani"]
[Result "0-1"]
[WhiteElo "2240"]
[BlackElo "2340"]

1.d4 d5 2.c4 c6 3.Nf3 Nf6 4.Nc3 dxc4 5.a4 Bf5 6.e3 e6 7.Bxc4 Bb4 8.O-O Nbd7
9.Qe2 O-O 10.Ne5 h6 11.Nd3 Be7 12.e4 Bh7 13.a5 b5 14.axb6 axb6 15.Rxa8 Qxa8
16.e5 Nd5 17.Nf4 Nxf4 18.Bxf4 b5 19.Bd3 Bxd3 20.Qxd3 Rd8 21.Qg3 Kh8 22.Be3 Nb6
23.f4 Nc4 24.b3 Nxe3 25.Qxe3 Qa7 26.Rd1 Qa3 27.Nb1 Qa2 28.Rc1 Qa7 29.Rxc6 Rxd4
30.Nc3 Bc5 31.Rxc5 Qxc5 32.Ne2 Rd1+ 33.Kf2 Rf1+  0-1

[Event "Helsinki op"]
[Site "Helsinki"]
[Date "1992.??.??"]
[Round "8"]
[White "Magerramov, Elmar"]
[Black "Tukmakov, Vladimir B"]
[Result "0-1"]
[WhiteElo "2565"]
[BlackElo "2570"]

1.d4 d5 2.c4 c6 3.Nf3 Nf6 4.Nc3 dxc4 5.a4 Bf5 6.e3 e6 7.Bxc4 Bb4 8.O-O Nbd7
9.Qe2 Bg6 10.e4 Bxc3 11.bxc3 Nxe4 12.Ba3 Qc7 13.Rfc1 O-O-O 14.a5 Rhe8 15.Nh4 Nd6
16.Bb3 e5 17.Qf3 Nf6 18.a6 b6 19.c4 Nde4 20.c5 Nd2 21.Qe3 Nxb3 22.Qxb3 b5
23.dxe5 Rd3 24.Qb4 Rxe5 25.Re1 Rxe1+ 26.Rxe1 Qd7 27.Nxg6 hxg6 28.Bb2 Rd1
29.Bxf6 gxf6 30.h4 Rxe1+ 31.Qxe1 Kd8 32.Qc3 Qe6 33.g3 Qe5 34.Qd3+ Ke7 35.Qa3 Qd4
36.Kg2 b4 37.Qc1 b3  0-1

[Event "HUN-chT"]
[Site "HUN"]
[Date "1992.??.??"]
[Round "?"]
[White "Kormanyos, Zoltan"]
[Black "Gyurkovics, Miklos"]
[Result "1/2-1/2"]
[WhiteElo "2315"]
[BlackElo "2260"]

1.d4 Nf6 2.c4 c6 3.Nc3 d5 4.Nf3 dxc4 5.a4 Bf5 6.e3 e6 7.Bxc4 Bb4 8.O-O Nbd7
9.Qe2 O-O 10.h3 Ne4 11.Bd2 Nxd2 12.Nxd2 e5 13.Nf3 exd4 14.exd4 Nb6 15.Bb3 a5
16.Qe5 Bd3 17.Rfd1 Nc4 18.Bxc4 Bxc4 19.Qf4 Bd6 20.Qd2 Qb6 21.Ne5 Bb3 22.Nd7 Qc7
23.Nxf8 Bxd1 24.Rxd1 Bxf8 25.d5 Rd8 26.Qe2 g6 27.dxc6 Rxd1+ 28.Qxd1 bxc6
29.Qd4 Bg7 30.Qc5 Qe5 31.Qxe5 Bxe5 32.Kf1 Kf8 33.Ke2 Ke7  1/2-1/2

[Event "Hyeres op"]
[Site "Hyeres"]
[Date "1992.??.??"]
[Round "?"]
[White "Anic, Darko"]
[Black "Beulen, Marcel"]
[Result "1/2-1/2"]
[WhiteElo "2395"]
[BlackElo "2285"]

1.Nf3 d5 2.d4 Nf6 3.c4 c6 4.Nc3 dxc4 5.a4 Bf5 6.e3 e6 7.Bxc4 Bb4 8.O-O O-O
9.Nh4 Bg4 10.f3 Bh5 11.g4 Bg6 12.Nxg6 hxg6 13.Qb3 Qb6 14.Na2 Be7 15.a5 Qxb3
16.Bxb3 Nbd7 17.Bd2 e5 18.dxe5 Nxe5 19.Bc3 Ned7 20.Rad1 Nc5 21.Bc4 Rfd8 22.Bb4 Bf8
23.Nc3 b5 24.Ba2 Nd3 25.Bxf8 Kxf8 26.g5 Ne8 27.Rd2 Nb4 28.Rfd1 Rxd2 29.Rxd2 Nxa2
30.Nxa2 Ke7 31.Nb4 Rc8 32.Na6 Nc7 33.Nc5 Ne6 34.Nxe6 Kxe6 35.Kf2 c5 36.e4 c4
37.Rd5 b4 38.Ke2 c3 39.bxc3 bxc3 40.Kd1 c2+ 41.Kc1 a6 42.f4 Rc4 43.Re5+ Kd7
44.f5 gxf5 45.exf5 Kd6 46.Re8 Rc5 47.Rg8 Rxa5 48.Rxg7 Rxf5 49.h4 Rf2 50.h5 Ke6
51.Rg8 Rh2 52.h6 Kf5 53.Rg7 a5 54.Rxf7+  1/2-1/2

[Event "Kecskemet"]
[Site "Kecskemet"]
[Date "1992.??.??"]
[Round "4"]
[White "Aseev, Konstantin N"]
[Black "Haba, Petr"]
[Result "1-0"]
[WhiteElo "2560"]
[BlackElo "2515"]

1.d4 d5 2.c4 c6 3.Nc3 Nf6 4.Nf3 dxc4 5.a4 Bf5 6.e3 e6 7.Bxc4 Bb4 8.O-O O-O
9.Nh4 Nbd7 10.f3 Bg6 11.Qb3 Qb6 12.Rd1 Rad8 13.Kh1 e5 14.Nxg6 hxg6 15.Qc2 exd4
16.exd4 Qa5 17.Ne4 Qh5 18.Be3 Rde8 19.Bf2 Nb6 20.Bb3 Nbd5 21.a5 a6 22.Bc4 Re7
23.Qb3 Nxe4 24.fxe4 Rxe4 25.Bxd5 Bd6 26.Bxf7+ Rxf7 27.Bg3 Bxg3 28.Qxg3 Kh7
29.h3 Re2 30.Rf1 Rxf1+ 31.Rxf1 Qxa5 32.Kh2 Qd8 33.Rf4 Re6 34.Rf7 b5 35.Rf4 Qd6
36.Kg1 Rf6 37.Rh4+ Kg8 38.Qb3+ Qe6 39.Qc3 Qd5 40.Rg4  1-0

[Event "Kuopio op"]
[Site "Kuopio"]
[Date "1992.??.??"]
[Round "6"]
[White "Shneider, Aleksandr"]
[Black "Sorri, Kari Juhani"]
[Result "1-0"]
[WhiteElo "2545"]
[BlackElo "2345"]

1.d4 d5 2.Nf3 Nf6 3.c4 c6 4.Nc3 dxc4 5.a4 Bf5 6.e3 e6 7.Bxc4 Bb4 8.O-O Nbd7
9.Nh4 Bg6 10.g3 a5 11.Qe2 Qb6 12.Rd1 O-O 13.Nxg6 hxg6 14.e4 e5 15.Be3 exd4
16.Bxd4 Bc5 17.Bxf6 Nxf6 18.Kg2 Rfe8 19.e5 Bd4 20.f4 Rad8 21.Kh3 Qc7 22.Ne4 Nxe4
23.Qxe4 Bxb2 24.Rxd8 Qxd8 25.Rb1 Bc3 26.e6 Qc8 27.f5 Kf8 28.fxg6 fxe6 29.Rf1+ Bf6
30.g4 Kg8 31.g5 Bxg5 32.Rf7 b5 33.Qe5 Bf6 34.Qh5 e5+ 35.Rd7+  1-0

[Event "Madrid"]
[Site "Madrid"]
[Date "1992.??.??"]
[Round "6"]
[White "San Segundo, Pablo"]
[Black "Polgar, Zsuzsa"]
[Result "0-1"]
[WhiteElo "2415"]
[BlackElo "2530"]

1.d4 d5 2.Nf3 Nf6 3.c4 c6 4.Nc3 dxc4 5.a4 Bf5 6.e3 e6 7.Bxc4 Bb4 8.O-O Nbd7
9.Qe2 Bg6 10.Bd3 Bxd3 11.Qxd3 O-O 12.Rd1 c5 13.Na2 Ba5 14.e4 h6 15.d5 exd5
16.e5 Ne4 17.Qxd5 Nb6 18.Qb3 Qe8 19.Nc3 Nxc3 20.bxc3 Qe6 21.Qc2 Qc4 22.Bb2 Rad8
23.Rd6 Rxd6 24.exd6 Rd8 25.Re1 Qxa4 26.Qd3 Nc4 27.Ne5 Nxd6 28.Qd5 Qc2 29.Ba1 Qf5
30.Qa2 Ne4 31.f3 Bxc3 32.Bxc3 Nxc3 33.Qa5 Rd5 34.Qxc3 b5 35.Ng4 Qd3 36.Qb2 c4
37.Nf2 Qd4 38.Qc2 g6 39.Rd1 Qc5 40.Re1 b4 41.Kf1 c3 42.Ne4 Qc4+ 43.Qe2 Qd4
44.Qa2 Kg7 45.Nf2 a5 46.Re7 Qd2 47.Qb3 c2 48.Qb2+ Qc3 49.Qc1 b3 50.Rb7 a4
51.Ke2 a3 52.Ne4 Qc4+ 53.Kf2 Qd4+ 54.Kg3 Qe5+ 55.Kf2 a2  0-1

[Event "Manila ol (Men)"]
[Site "Manila"]
[Date "1992.??.??"]
[Round "?"]
[White "Frois, Antonio"]
[Black "Yasseen, Aly"]
[Result "1-0"]
[WhiteElo "2380"]
[BlackElo "2305"]

1.Nf3 d5 2.d4 Nf6 3.c4 c6 4.Nc3 dxc4 5.a4 Bf5 6.e3 e6 7.Bxc4 Bb4 8.O-O O-O
9.Qe2 Nbd7 10.Rd1 Ne4 11.Nxe4 Bxe4 12.Bd3 Bxd3 13.Qxd3 Qa5 14.e4 Rad8 15.Bg5 f6
16.Be3 Rfe8 17.Qb3 Nb6 18.Ne1 Bd6 19.h3 Qb4 20.Qa2 Bb8 21.a5 Nc8 22.a6 b6
23.Rac1 Qd6 24.Nf3 Ne7 25.Rd2 Kh8 26.Re2 Rc8 27.g3 Qd7 28.Kg2 f5 29.Bg5 fxe4
30.Rxe4 Nd5 31.Qb1 Rf8 32.Rh4 h6 33.Bxh6 gxh6 34.Rxh6+ Kg8 35.Qg6+ Qg7 36.Qxe6+ Qf7
37.Qg4+ Qg7 38.Rg6 Rc7 39.Rcxc6 Rxc6 40.Rxg7+ Kh8 41.Rb7 Bd6 42.Qh5+  1-0